LIBRARY & INFORMATION CENTRE, KCAET, TAVANUR

ONLINE PUBLIC ACCESS CATALOGUE (OPAC)

Indian anthropology / (Record no. 3180)

MARC details
000 -LEADER
fixed length control field 00412cam a2200169ua 4500
041 ## - LANGUAGE CODE
Language code of text/sound track or separate title eng
082 ## - DEWEY DECIMAL CLASSIFICATION NUMBER
Classification number 301
Item number MAD/IN
100 ## - MAIN ENTRY--AUTHOR NAME
Personal name Madan, T N .
245 ## - TITLE STATEMENT
Title Indian anthropology /
260 ## - PUBLICATION, DISTRIBUTION, ETC. (IMPRINT)
Place of publication Mumbai :
Name of publisher Asia Publishing House ,
Year of publication 1962.
300 ## - PHYSICAL DESCRIPTION
Number of Pages 419 ; .
500 ## - GENERAL NOTE
General note **Reference
700 1# - ADDED ENTRY--PERSONAL NAME
Personal name Gopala sacana, .
942 ## - ADDED ENTRY ELEMENTS (KOHA)
Koha item type Books
Holdings
Withdrawn status Lost status Damaged status Home library Current library Date acquired Full call number Accession Number Koha item type
Withdrawn     KAUAET Sanskrit University 07/04/2012 301 2638 Reference
free website counter